Más allá del barrio: habitar Santiago en la movilidad cotidiana

El barrio ha sido por largo tiempo el principal dispositivo de observación y análisis urbano para la antropología. Sin embargo, se evidencia en la actualidad un debilitamiento de la escala del barrio como una unidad significativa de la experiencia de la ciudad para los habitantes. El texto plantea q...

Full description

Bibliographic Details
Main Author: Imilan Ojeda, Walter A.
Other Authors: Iturra, Luis, Jirón Martínez, Paola Andrea 1970
Format: Analitica de revista
Language:Spanish
Published: Santiago, Chile: Universidad Academia de Humanismo Cristiano 2015.
Subjects:
Online Access:Acceso electrónico al documento

MARC

LEADER 00000cab a2200000 a 4500
001 025576
003 UAHC_CL
005 20210318084336.0
008 160406s2015 cl 000 spa
952 |0 0  |1 0  |4 0  |6 ANTROPOLOGIAS_DEL_SUR03_15_000000000000000  |7 0  |8 COMP  |9 51751  |a BC  |b BC  |c Hemeroteca  |d 2017-08-03  |l 0  |o ANTROPOLOGIAS DEL SUR-03/15  |r 2019-01-08 00:00:00  |w 2017-08-03  |y REVA 
999 |c 25576  |d 25576 
040 |a UAHC_CL  |c UAHC_CL  |d UAHC_CL 
100 1 |a Imilan Ojeda, Walter A. 
245 1 0 |a Más allá del barrio:  |b habitar Santiago en la movilidad cotidiana   |c Walter Imilan, Paola Jirón y Luis Iturra. 
260 |a Santiago, Chile:  |b Universidad Academia de Humanismo Cristiano  |c 2015. 
300 |a p. 87-103 
362 0 |a Año 1, no. 1 (nov. 2002)- . 
362 0 |a Año 1, no. 1 (nov. 2002)- . 
500 |a En: Antropologías del Sur. No. 3, junio 2015. pp. 87-103. ISSN: 07194498. 
520 |a El barrio ha sido por largo tiempo el principal dispositivo de observación y análisis urbano para la antropología. Sin embargo, se evidencia en la actualidad un debilitamiento de la escala del barrio como una unidad significativa de la experiencia de la ciudad para los habitantes. El texto plantea que el estudio de la movilidad cotidiana permite ampliar nuestra comprensión de como la ciudad es experimentada, en consecuencia, fuente para la construcción de identidades individuales y colectivas. Se presentan etnografías de prácticas de movilidad que permiten problematizar la experiencia cotidiana y el rol que juega el barrio en ellas. La hipótesis central del texto es aproximarse empíricamente al habitar urbano que considere de forma central la movilidad y de esta forma integrar el habitar a los debates contemporáneos respecto a la producción del espacio 
650 0 |a Etnografia  |9 10421 
650 0 |a Barrios  |9 11572 
650 0 |a Antropología urbana  |9 195 
700 1 |a Iturra, Luis 
700 1 |a Jirón Martínez, Paola Andrea  |d 1970 
773 0 |t Antropologías del Sur : revista de la Escuela de Antropología.  |w 025559 
856 |u http://www.revistaantropologiasdelsur.cl/wp-content/uploads/2015/07/069-085_virgilio_-1.pdf  |y Acceso electrónico al documento 
900 |a ANTROPOLOGIAS DEL SUR-03/15 
942 |c REVA  |2 ddc